Final report on the original survey and settlement operations of the Ranpur ex-state area in the district of Puri, 1943-1952, (Record no. 85846)

MARC details
000 -LEADER
fixed length control field 00774nam a2200217 4500
001 - CONTROL NUMBER
control field sa 68014506
003 - CONTROL NUMBER IDENTIFIER
control field DLC
005 - DATE AND TIME OF LATEST TRANSACTION
control field 20260227112632.0
008 - FIXED-LENGTH DATA ELEMENTS--GENERAL INFORMATION
fixed length control field 700206r1963 ii 00010 eng
010 ## - LIBRARY OF CONGRESS CONTROL NUMBER
LC control number sa 68014506
025 ## - OVERSEAS ACQUISITION NUMBER
Overseas acquisition number PL480:I-E-10437
050 0# - LIBRARY OF CONGRESS CALL NUMBER
Classification number HJ4387.R3
Item number A5 1963
082 ## - DEWEY DECIMAL CLASSIFICATION NUMBER
Classification number 336.2/2
110 10 - MAIN ENTRY--CORPORATE NAME
Corporate name or jurisdiction name as entry element Ranpur (Tahsil)
245 1# - TITLE STATEMENT
Title Final report on the original survey and settlement operations of the Ranpur ex-state area in the district of Puri, 1943-1952,
Statement of responsibility, etc. by G. N. Singh, Deputy Collector and Assistant Settlement Officer Incharge, Ranpur.
260 0# - PUBLICATION, DISTRIBUTION, ETC.
Place of publication, distribution, etc. [Berhampur, Ganjam,
Name of publisher, distributor, etc. Reprinted at Sarada Press,
Date of publication, distribution, etc. 1963]
300 ## - PHYSICAL DESCRIPTION
Extent 3, iv, 74, xlii p.
Dimensions 33 cm.
350 ## - PRICE (NR) (BK AM CF MU VM SE) [OBSOLETE]
Price 2.10
650 #0 - SUBJECT ADDED ENTRY--TOPICAL TERM
Topical term or geographic name entry element Land value taxation
Geographic subdivision Ranpur (Tahsil)
700 10 - ADDED ENTRY--PERSONAL NAME
Personal name Singh, G. N.

No items available.

Powered by Koha